| 000 | 00725cam a2200205 i 4500 | ||
|---|---|---|---|
| 005 | 20251218095509.0 | ||
| 008 | 250721r2006 ua gr 000 0 ara d | ||
| 020 | _a977290280X | ||
| 082 | 1 | 4 |
_a217.8 _bه ل ا |
| 100 | 1 |
_aهلالي، سعد الدين مسعد _eمؤلف. |
|
| 245 | 1 | 0 |
_aبيان أحكام العزاء لأهل الميت والبر به / _cتأليف الدكتور سعد الدين مسعد هلالي. |
| 250 | _aالطبعة الاولى. | ||
| 264 | 3 | 1 |
_aالنصورة : _bمكتبة الإيمان، _c2006. |
| 300 | _a287 صفحة. | ||
| 650 | 1 | 7 | _aالفتاوى. |
| 650 | 1 | 7 | _aالأحكام الشرعية. |
| 653 | _aالموت | ||
| 942 |
_2ddc _cBK |
||
| 999 |
_c101189 _d101189 |
||